| 000 | 01197nam1a22003131i 4500 | ||
|---|---|---|---|
| 001 | RU\INFOCOMM_322\5000057741 | ||
| 005 | 20240726232347.0 | ||
| 010 | _96720 экз. | ||
| 035 | _a(NLR Aleph) 011014914 | ||
| 090 |
_a11043489 _c11043489 |
||
| 100 | _a20121113d1982 |||y0rusy50 ba | ||
| 101 | 1 |
_aeng _crus |
|
| 102 | _aRU | ||
| 105 | _ay z|||| | ||
| 200 | 1 |
_aHuman physiology _e[In 2 vol.] _fBy E. Babsky, B. Khodorov, G. Kositsky, A. Zubkov _gEd. by E. B. Babsky, Member of the Ukr. acad. of sciences |
|
| 205 | _a4th print. | ||
| 210 |
_aM. _cMir _d1982 |
||
| 215 |
_a2 т. _d22 см |
||
| 300 | _aДоп. тит. л. на рус. яз. В вып. дан.: Физиология человека / Евгений Борисович Бабский и др. | ||
| 517 | 1 | _aФизиология человека | |
| 606 | 0 |
_aФизиология человека _jРуководства, пособия _2nlr_sh1 |
|
| 620 | _aМосква | ||
| 686 |
_aЕ903я732Р-1 _2rubbk |
||
| 701 | 1 |
_9z01790 _aBabskij _bE. B. _f1902- _gEvgenij Borisovič |
|
| 790 | 1 |
_9z01701 _aBabsky _bE. B. _4070 |
|
| 801 | 1 |
_aRU _bInfoComm _c20121113 |
|
| 801 | 0 |
_aRU _bNLR _gPSBO |
|
| 852 |
_aNLR _jАф01 Д-5/118 |
||
| 942 | _cBOOK | ||